| 000 | 00591cam a22002291 4500 | ||
|---|---|---|---|
| 001 | sa 66007616 | ||
| 003 | DLC | ||
| 005 | 20260227112306.0 | ||
| 008 | 940907s1965 ii 000 0 orio | ||
| 010 | _asa 66007616 | ||
| 025 | _aPL480:I-O-658 | ||
| 035 | _a(OCoLC)31063605 | ||
| 040 |
_aDLC _cCU _dCU _dDLC |
||
| 042 | _apremarc | ||
| 050 | 0 | 0 |
_aPK2571 _b.P27 |
| 100 | 1 |
_aPāṇīgrāhī, Kāḷindīcaraṇa, _d1901-1991. |
|
| 245 | 1 | 0 | _aSāhitya-bicāra. |
| 260 | _c1965. | ||
| 300 |
_a193 p. _c18 cm. |
||
| 546 | _aIn Oriya. | ||
| 650 | 0 |
_aOriya literature _xHistory and criticism. |
|
| 999 |
_c71280 _d71280 |
||